Loading...
| Fine Arts - Classical Music | 0 | 5 | 0 | 0 | 50 | 89 | 119.00 | 0 | 2 | 4.00 | 14.55 |
| History - World | 0 | 5 | 0 | 3 | 50 | 102 | 123.00 | 0 | 2 | 1.65 | 13.64 |
| Literature - European | 0 | 5 | 1 | 3 | 45 | 47 | 118.60 | 1 | 2 | 6.08 | 17.27 |
| Literature - American | 0 | 3 | 0 | 0 | 30 | 121 | 133.67 | 0 | 1 | 1.50 | 12.73 |
| Fine Arts - Other | 0 | 3 | 0 | 0 | 30 | 104 | 121.67 | 0 | 0 | 3.64 | 14.55 |
| Literature - World | 0 | 3 | 0 | 1 | 30 | 67 | 107.33 | 0 | 2 | 6.88 | 15.45 |
| Mythology | 0 | 2 | 0 | 1 | 20 | 128 | 136.00 | 0 | 0 | 1.12 | 7.27 |
| History - American | 0 | 2 | 0 | 1 | 20 | 125 | 125.50 | 0 | 0 | -0.07 | 3.64 |
| Literature - British | 0 | 1 | 0 | 0 | 10 | 123 | 123.00 | 0 | 1 | 1.38 | 1.82 |
| History - Other | 0 | 1 | 0 | 0 | 10 | 130 | 130.00 | 0 | 0 | 0.14 | 0.91 |
| Science - Chemistry | 0 | 0 | 0 | 0 | 0 | 0.00 | 0 | 0 | 0.00 | 0.00 | |
| Geography | 0 | 0 | 0 | 0 | 0 | 0.00 | 0 | 0 | 0.00 | 0.00 | |
| Science - Biology | 0 | 0 | 0 | 0 | 0 | 0.00 | 0 | 0 | 0.00 | 0.00 |